Central Library OPAC University of Rajshahi

Methods Of Mathematical Physics / (Record no. 68226)

MARC details
000 -LEADER
fixed length control field 00679nam a2200241 a 4500
001 - CONTROL NUMBER
control field 68226
003 - CONTROL NUMBER IDENTIFIER
rucl marc code BD-RjUL
005 - DATE AND TIME OF LATEST TRANSACTION
control field 20211209081738.0
008 - FIXED-LENGTH DATA ELEMENTS--GENERAL INFORMATION
fixed length control field 170401s1955 enk |||| |||| 001 0 eng d
035 ## - SYSTEM CONTROL NUMBER
System control number (BD-RjUL)68436
040 ## - CATALOGING SOURCE
Original cataloging agency BD-RjUL
Language of cataloging eng
Transcribing agency BD-RjUL
Modifying agency BD-RjUL
041 ## - LANGUAGE CODE
Language code of text/sound track or separate title eng
082 ## - DEWEY DECIMAL CLASSIFICATION NUMBER
Edition number 23
Classification number 530.15
Author mark and year COM 1955
100 ## - MAIN ENTRY--PERSONAL NAME
Personal name Courant, R.
9 (RLIN) 202257
245 ## - TITLE STATEMENT
Title Methods Of Mathematical Physics /
Remainder of title R.Courant & D.Hilbert
260 ## - PUBLICATION, DISTRIBUTION, ETC. (IMPRINT)
Place of publication, distribution, etc. London :
Name of publisher, distributor, etc. Interscience,
Date of publication, distribution, etc. c1937 [Printing 1955]
300 ## - PHYSICAL DESCRIPTION
Pagination V. p. ;
Size 22 cm.
500 ## - GENERAL NOTE
General note Includes Index.
505 0# - FORMATTED CONTENTS NOTE
Formatted contents note Vol. 1 --
650 ## - SUBJECT ADDED ENTRY--TOPICAL TERM
Topical term or geographic name as entry element Mathematical Physics
9 (RLIN) 202258
700 ## - ADDED ENTRY--PERSONAL NAME
Personal name Hilbert, D.
942 ## - ADDED ENTRY ELEMENTS (KOHA)
Source of classification or shelving scheme Dewey Decimal Classification
Koha item type Books
Holdings
Lost status Source of classification or shelving scheme Damaged status Not for loan Collection code Permanent Location Current Location Shelving location Date acquired Source of acquisition Cost, normal purchase price Total Checkouts Full call number Date last seen Copy number Koha item type
  Dewey Decimal Classification   Not For Loan Non-fiction Central Library, University of Rajshahi Central Library, University of Rajshahi Reading Room 25/01/1961 Mirza Book 33.75   530.15 COM V-1 1955 01/04/2017 C-1 Books